Każdy klub piłkarski w Polsce - Statystyki

Ogólne statystyki
  • Ten quiz został rozwiązany 63 razy
  • Średni wynik to 74 z 114
Statystyki odpowiedzi
Miasto/Wieś, gdzie klub ma siedzibę Nazwa Klubu % Poprawnych
Poznań Lech Poznań
100%
Białystok Jagiellonia Białystok
96%
Warszawa Legia Warszawa
96%
Łęczna Górnik Łęczna
94%
Polkowice Górnik Polkowice
94%
Zabrze Górnik Zabrze
94%
Częstochowa Raków Częstochowa
94%
Kraków Cracovia
93%
Gliwice Piast Gliwice
93%
Grodzisk Mazowiecki Pogoń Grodzisk Mazowiecki
93%
Nowe Skalmierzyce Pogoń Nowe Skalmierzyce
93%
Siedlce Pogoń Siedlce
93%
Szczecin Pogoń Szczecin
93%
Kraków Wisła Kraków
93%
Płock Wisła Płock
93%
Puławy Wisła Puławy
93%
Chorzów Ruch Chorzów
91%
Brzeg Stal Brzeg
91%
Mielec Stal Mielec
91%
Rzeszów Stal Rzeszów
91%
Stalowa Wola Stal Stalowa Wola
91%
Łódź Widzew Łódź
91%
Gdańsk Lechia Gdańsk
89%
Tomaszów Mazowiecki Lechia Tomaszów Mazowiecki
89%
Zielona Góra Lechia Zielona Góra
89%
Łódź ŁKS Łódź
89%
Lublin Motor Lublin
89%
Lubin Zagłębie Lubin
89%
Sosnowiec Zagłębie Sosnowiec
89%
Gdynia Arka Gdynia
87%
Kielce Korona Kielce
87%
Bytom Polonia Bytom
87%
Lidzbark Warmiński Polonia Lidzbark Warmiński
87%
Słubice Polonia Słubice
87%
Środa Wielkopolska Polonia Środa Wielkopolska
87%
Warszawa Polonia Warszawa
87%
Radom Radomiak Radom
87%
Niepołomice Puszcza Niepołomice
85%
Wrocław Śląsk Wrocław
85%
Pruszków Znicz Pruszków
85%
Nieciecza Bruk-Bet Termalica Nieciecza
83%
Głogów Chrobry Głogów
81%
Bytom Odrzański Odra Bytom Odrzański
81%
Opole Odra Opole
81%
Legnica Miedź Legnica
80%
Kołobrzeg Kotwica Kołobrzeg
78%
Kórnik Kotwica Kórnik
78%
Skierniewice Unia Skierniewice
76%
Swarzędz Unia Swarzędz
76%
Tarnów Unia Tarnów
76%
Turza Śląska Unia Turza Śląska
76%
Bielsko-Biała Podbeskidzie B-B
74%
Katowice GKS Katowice
72%
Rzeszów Resovia Rzeszów
72%
Chojnice Chojniczanka
70%
Tychy GKS Tychy
70%
Kraków KS Wieczysta Kraków
70%
Olsztyn Stomil Olsztyn
70%
Nowy Dwór Mazowiecki Świt Nowy Dwór
70%
Szczecin Świt Szczecin
70%
Toruń Elana Toruń
69%
Kraków Hutnik Kraków
69%
Częstochowa Skra Częstochowa
69%
Gorzów Warta Gorzów
69%
Grodzisk Wielkopolski Warta Poznań
69%
Sieradz Warta Sieradz
69%
Elbląg Olimpia Elbląg
67%
Grudziądz Olimpia Grudziądz
67%
Bydgoszcz Zawisza Bydgoszcz
67%
Bełchatów GKS Bełchatów
65%
Kalisz KKS Kalisz
61%
Suwałki Wigry Suwałki
61%
Nowy Sącz Sandecja Nowy Sącz
57%
Tarnobrzeg Siarka Tarnobrzeg
57%
Chełm Chełmianka Chełm
56%
Świnoujście Flota Świnoujście
56%
Świdnik Avia Świdnik
54%
Bielsko-Biała Rekord Bielsko-Biała
54%
Jastrzębie-Zdrój GKS Jastrzębie
52%
Łomża ŁKS Łomża
52%
Aleksandrów Łódzki Sokół Aleksandrów
50%
Kleczew Sokół Kleczew
50%
Ostrowiec Świętokrzyski KSZO Ostrowiec
46%
Wrocław Ślęza Wrocław
46%
Radom Broń Radom
44%
Stargard Błękitni Stargard
43%
Łowicz Pelikan Łowicz
43%
Nowy Targ Podhale Nowy Targ
41%
Starachowice Star Starachowice
39%
Połaniec Czarni Połaniec
37%
Kluczbork MKS Kluczbork
37%
Wikielec GKS Wikielec
33%
Mława Mławianka Mława
33%
Gorzów Stilon Gorzów
31%
Sulejówek Victoria Sulejówek
31%
Dębica Wisłoka Dębica
31%
Kartuzy Cartusia Kartuzy
30%
Gdańsk Gedania Gdańsk
30%
Słupsk Gryf Słupsk
30%
Jelenia Góra Karkonosze Jelenia Góra
30%
Goczałkowice-Zdrój LKS Goczałkowice-Zdrój
30%
Gubin Carina Gubin
28%
Biała Podlaska Podlasie Biała Podlaska
26%
Wiązownica KS Wiązownica
20%
Świdnik Świdniczanka Świdnik
20%
Świecie Wda Świecie
20%
Lubartów Lewart Lubartów
19%
Skawina Wiślanie Skawina
17%
Lubaczów Pogoń-Sokół Lubaczów
13%
Wolin Vineta Wolin
13%
Czarnków Noteć Czarnków
11%
Katowice0 Podlesianka Katowice
7%
Pawłowice Pniówek-74 Pawłowice
4%
Niechorze Wybrzeże Rewalskie
4%
Nie znaleziono quizów pasujących do podanych kryteriów
Rozkład punktacji
Procent ludzi z każdym wynikiem
Percentyl według liczby udzielonych odpowiedzi
Twoja historia wyników
Nie rozwiązałeś tego quizu